| 000 | 00530nam a2200157 i 4500 | ||
|---|---|---|---|
| 001 | 25989 | ||
| 003 | ES-MaACL | ||
| 005 | 20230906153351.0 | ||
| 007 | t| | ||
| 008 | 030107s1978 sp ||||1| spa d | ||
| 245 | 0 | 0 |
_aArte medieval burgalés y esmaltés de taller de Silos y contemporáneos _b: Burgos, septiembre-octubre 1978, Monasterio de San Juan. |
| 260 |
_aBilbao : _bBanco de Bilbao, _c1978. |
||
| 300 |
_a79 p., 15 lám. : _bil. ; _c26 cm. |
||
| 852 |
_aES-MaACL _jL-875 _bR.101785 |
||
| 852 |
_aES-MaACL _jL-1337 _bR.101707 |
||
| 999 |
_c25989 _d25989 |
||